| 000 | 00369nam a2200145Ia 4500 | ||
|---|---|---|---|
| 008 | 230917s9999||||xx |||||||||||||| ||und|| | ||
| 040 |
_e38600 _aMAIN |
||
| 041 | _aEnglish | ||
| 082 | _a954.03 H279M | ||
| 100 | _aHastings, warren | ||
| 245 | 0 | _aMemories relative to the state of India | |
| 260 |
_aCalcutta _bML Ghosh _c1978 |
||
| 300 | _axxiv, 105 p. | ||
| 942 | _cBK | ||
| 999 |
_c187943 _d187943 |
||